LEADER 02069nam 22006853 450 001 9910130458803321 005 20040908000000.0 035 $a(CKB)3400000000020259 035 $a(ItFiC)it 02414738 035 $a(SSID)ssj0000724839 035 $a(PQKBManifestationID)12285545 035 $a(PQKBTitleCode)TC0000724839 035 $a(PQKBWorkID)10729547 035 $a(PQKB)10972734 035 $a(EXLCZ)993400000000020259 100 $a20101102d2009 uy 0 101 0 $aita 181 $ctxt 182 $cc 183 $acr 200 00$aCartografie, immagini, metafore /$fa cura di Carla Copeta 210 $aRavenna $cLongo$d2009 215 $a300 p. $cill. (some col.) ;$d24 cm 225 0 $aQuaderni del SAGEO Cartografie, immagini, metafore 225 0$aQuaderni del SAGEO ;$v3 300 $aPapers presented to the meeting,Bari, 2005, 1 already publ. and now in Italian transl. 300 $aThe series is a periodical. 311 $a88-8063-593-X 320 $aIncludes bibliographical references. 606 $aGeographical perception$vCongresses 606 $aCartography$vCongresses 606 $aCognition and culture$vCongresses 606 $aGeography and literature$vCongresses 606 $aArt and geography$vCongresses 606 $aGeography$2HILCC 606 $aEarth & Environmental Sciences$2HILCC 606 $aGeography-General$2HILCC 615 0$aGeographical perception 615 0$aCartography 615 0$aCognition and culture 615 0$aGeography and literature 615 0$aArt and geography 615 7$aGeography 615 7$aEarth & Environmental Sciences 615 7$aGeography-General 676 $a910 676 $a709 676 $a304 676 $a701 676 $a809 676 $a526 676 $a791 702 $aCopeta$b Clara 712 12$aConvegno Immagini PER- 801 0$bItFiC 801 1$bItFiC 906 $aBOOK 912 $a9910130458803321 996 $aCartografie, immagini, metafore$9248440 997 $aUNINA LEADER 00838nam 2200265 450 001 996688080303316 005 20251119180419.0 100 $a20251118d1970----km y0itay5003 ba 101 0 $aita 102 $aIT 105 $ay 00 y 200 1 $aDepositi bancari anomali a vantaggio di un terzo$fFrancesco Giorgianni 210 $aMilano$cVallardi$d1970 215 $a23 p.$d25 cm 300 $aEstratto da: Rivista del diritto commerciale, anno 68, n. 1-2, parte 1 (1970), 11-30 606 0 $aDepositi bancari$2BNCF 676 $a332.1752 700 1$aGIORGIANNI,$bFrancesco$f<1943- >$01026011 801 0$aIT$bcba$gREICAT 912 $a996688080303316 951 $aXVI.7.Misc. 506$b508 FBUO$cXVI.7.Misc. 959 $aBK 969 $aFBUO 996 $aDepositi bancari anomali a vantaggio di un terzo$94455734 997 $aUNISA